Como Opinan los Católicos

Síntesis: El documento es un artículo publicado en "El Hombre Libre", en este el autor hace una invitación a los católicos para llegar a la unión y exigir la derogación de las Leyes anticatólicas y el castigo a los hombres que participaron en este conflicto.

Guardat en:
Dades bibliogràfiques
Autor principal: García López Portillo, Alfredo (autor)
Format: Llibre
Matèries:
Etiquetes: Afegir etiqueta
Sense etiquetes, Sigues el primer a etiquetar aquest registre!

MARC

LEADER 00000nam^a2200000^a^4500
001 000250518
005 20250526000000.0
009 20260310105814.167
035 |a R01519 
037 |a Acervo Xavier Clavigero 
082 |a 82.  |b GAR V. LIBRO 9 126/152 
100 |a García López Portillo, Alfredo  |e (autor) 
245 1 0 |a Como Opinan los Católicos 
264 |a México, D.F. :  |b Destinatario: Público en general,  |c 1931 
300 |a 1 foja, mcs/cop., 21.3 X 28 cms. 
336 |a texto  |b txt  |2 rdacontenido 
337 |a sin mediación  |b n  |2 rdamedio 
338 |a volumen  |b nc  |2 rdasoporte 
520 |a Síntesis: El documento es un artículo publicado en "El Hombre Libre", en este el autor hace una invitación a los católicos para llegar a la unión y exigir la derogación de las Leyes anticatólicas y el castigo a los hombres que participaron en este conflicto. 
598 |a Artículo publicado en "El Hombre Libre" 
598 |a En la biblioteca del ILFC, Guadalajara, Jal. 
598 |a Lugares que cita el documento: Jalapa, Ver. 
649 |a XX 
650 |a * Leyes -  |x anulación 
600 |a García López Portillo, Alfredo 
910 |a Fondo Jesús Gómez Fregoso S.J. FXC 
920 |a Impresos - Documentos 
930 |a Libros Antiguos y Raros 
940 |a Guerra Cristera 
905 |a 110 
901 |a R01519  |b IT2  |c LRA  |i R01519  |u 20250526 
902 |a https://opac.biblio.iteso.mx/vufind/Record/000250518